00492 2200205 4500001002100000005001500021008004100036020001800077035001900095041000700114082001400121090001800135100001700153245001900170250000900189260004100198300001900239500001000258650001800268INLIS00000000000536520241224113103241224||||||||| | ||| |||| || |  a979-637-834-5 0010-1224005365 aid0 a741:05:00 a741.5 GOS D/20 aAOYAMA GOSHO00aDETEKTIF CONAN aED.1 aJakartabElex Media Komputindoc2002 a18 HLM,;17,4CM aCET 1 0aILMU KESENIAN